000
00300nam a22001337a 4500
008
170204b xxu||||| |||| 00| 0 eng d
020
_a
0137325789
041
_a
eng
080
_a
61
100
_a
3
101
_a
SHM
245
_a
THE PSYCHODYNAMICS OF PATIENT CARE
_c
SCHWARTZ, L.H
942
_2
udc
_c
BK
999
_c
4649
_d
4649